• 首页
  • 本馆介绍
  • 公告通知
  • 最新文献
  • 馆藏检索
  • 电子资源
  • 读者导购
  • 参考咨询
  • 我的图书馆
  • 登录
  • 详细信息显示
  • 放入我的书架
  • 预约/预借图书
  • 作者相关作品
  • 分类相关作品
  • 丛书相关作品
  • 出版社相关作品

书目信息

  • 表格格式
  • 工作单格式
  • 卡片格式
题名:
卫星大地测量学概论
    
 
作者: ;武汉测绘学院 编译
分册:  
出版信息: 北京   测绘出版社  1978
页数: 308页
开本: 19cm
丛书名:
单 册:
中图分类: P128.15
科图分类:
主题词: 人造卫星-大地测量学--概论 , 大地测量学-人造卫星--概论
电子资源:
ISBN:
000 00714nam0 2200241 45
001 0178005949
005 20060722104700.93
010    @dCNY1.56
091    @aCN@b15039.新29
100    @a19950726d1978 em y0chiy0121 ea
101 1  @achi
102    @aCN@b110000
105    @ay z 000yy
200 10 @a卫星大地测量学概论@Awei xing da di ce liang xue gai lun@f武汉测绘学院《卫星大地测量学概论》编译组编译
210    @a北京@c测绘出版社@d1978
215    @a308页@d19cm
300    @a国内发行
606    @a人造卫星-大地测量学@x概论
606    @a大地测量学-人造卫星@x概论
690    @aP128.15@v3
711 02 @a武汉测绘学院@Awu han ce hui xue yuan@4编译
801  0 @aCN@bTSSF@c20060722
905    @a10447@dP128.15@e96
    
    卫星大地测量学概论/武汉测绘学院《卫星大地测量学概论》编译组编译.-北京:测绘出版社,1978
    308页;19cm
    国内发行
    
    ISBN :CNY1.56
    
●
相关链接 在E读中查询图书 在五车中查询图书 在当当中查询图书 在豆瓣中查询图书


正题名:卫星大地测量学概论     索取号:P128.15/96         预约/预借

序号 登录号 条形码 馆藏地/架位号 状态 备注
1 0437561   204375611   密集书库/ [索取号:P128.15/96] 在馆    
唐山师范学院图书馆 欢迎您!
大连网信软件有限公司© 版权所有